| 000 | 00856cam a2200301I 4500 | ||
|---|---|---|---|
| 999 |
_c8164 _d8164 |
||
| 001 | 8164 | ||
| 003 | BD-JhCC | ||
| 005 | 20180712121313.0 | ||
| 008 | 750729s1948 nyuf 000 0 eng d | ||
| 035 | _aCONN226341 | ||
| 035 | _aocm01488270 | ||
| 035 | _a(BD-JhCC)8164 | ||
| 035 | _a173819 | ||
| 040 |
_aGUA _cGUA _dOCL _dCUD _dBD-JhCC |
||
| 041 | _aeng | ||
| 082 |
_bSUM 1948 _a720.942 |
||
| 090 |
_aNA961 _b.S8 1948 |
||
| 100 | 1 |
_aSummerson, John, _d1904-1992. |
|
| 245 | 1 | 0 |
_aArchitecture in England since Wren / _cJohn Summerson, |
| 250 | _a[Rev. ed.] | ||
| 260 |
_aLondon, New York, _bPub. for the British Council by Longmans, Green _c[1948] |
||
| 300 |
_a38 p. _bplates. _c21cm. |
||
| 490 | 1 |
_aThe arts in Britain, _vno. 10. |
|
| 650 | 0 |
_aArchitecture _zEngland. |
|
| 830 | 0 |
_aArts in Britain ; _vno. 10. |
|
| 942 |
_2ddc _cBK |
||